|
|
|
|
| LEADER |
00000cam a2200000 7i4500 |
| 001 |
0000001718 |
| 005 |
20031204.0 |
| 090 |
0 |
0 |
|a 634.9285
|b CHO 1965
|
| 100 |
1 |
0 |
|a CHONG
|h Peng Wah
|
| 245 |
1 |
0 |
|a Part of Pekan district, Pahang
|c by Chong Peng Wah
|
| 260 |
0 |
0 |
|a Kepong :
|b Forest Research Institute ,
|c 1965
|
| 300 |
|
|
|a 1v. (various pagings) :
|b ill., graphs, maps (2 fold. in pocket) ;
|c 33 cm.
|
| 440 |
0 |
0 |
|a Forest resources reconnaissance survey report ; no. 4
|
| 650 |
0 |
0 |
|a Forest surveys
|z Malaysia
|z Pahang
|
| 650 |
0 |
0 |
|a Forests and forestry
|x Mensuration
|
| 650 |
0 |
0 |
|a Surveys
|
| 998 |
|
|
|a JPSM
|
| 999 |
|
|
|a 0000002810
|b Monograph
|c Open Shelf
|e Default branch
|